00422nam a2200145Ia 4500003000400000008004100004040001600045082001300061100002400074245007400098700002100172260005100193300001000244650002200254GCL140319s9999 xx 000 0 eng d aGCL / cGCL04a332bW P1 aWINLER, BERNARD J10aP ERSNAL FISNCE: AN INTEGATED PLANING APPRACH / cWINLER, BERNARD J1 aFRASCA, RALPH R a[S.N] : bMACMILLAN PUBLSING COMPANY ، c1993 a613 P04aFINANCE - PERANAL